Oswiecim, hrobka štyroch milionov ľudí krátka história a život v oswiecimskom pekle v rokoch 1942-1945

Bibliographic Details
Main Author: Lánik, Jozef, 1918-1988 (Author)
Format: Book
Language:Slovak
Published: Košice Povereníctvo SNR pre informácie 1945
Subjects:

MARC

LEADER 00000cam a2200000 a 4500
001 vtls001165031
003 SK-MaSNL
005 20260301063317.0
008 250313s1945 xo 000 0 slo
015 |a SNBA19451955-006415 
035 |a SNK000108001 
035 |a urn:nbn:sk:snk-am3hkur 
035 |a BD76C408-B7DB-485D-BF67-8253063561A9 
035 |a urn:nbn:sk:snk-am00d3xm 
040 |a SNK  |b slo  |c SNK  |e AACR2 
041 0 |a slo 
044 |a xo  |c SK 
100 1 |a Lánik, Jozef,  |d 1918-1988  |4 aut  |9 116113 
245 1 0 |a Oswiecim, hrobka štyroch milionov ľudí  |b krátka história a život v oswiecimskom pekle v rokoch 1942-1945  |c sostavil: Jožko Lánik 
260 |a Košice  |b Povereníctvo SNR pre informácie  |c 1945  |e Košice  |f Wiko 
610 1 7 |a Osvienčim (koncentračný tábor)  |2 SNKKA  |9 178736 
648 7 |a 1942-1945  |2 SNKPH  |9 294749 
650 0 7 |a koncentračné tábory  |2 SNKPH  |9 2654 
650 0 7 |a druhá svetová vojna (1939-1945)  |2 SNKPH  |9 169657 
651 7 |a Osvienčim (Poľsko)  |2 SNKPH  |9 85390 
655 7 |a monografie  |2 SNKPH  |9 70139 
852 |a Slovenská národná knižnica 
958 |a OND 
999 |c 623595  |d 625525 
952 |t P60, <04>, [BOOK], {604}  |a SNK  |b SNK  |y VYP  |7 0  |p 17A0255800  |o snkSD 5146/8 D1  |0 0  |1 0  |4 0  |d 2000-10-25  |l 0  |r 2005-01-01 00:00:00  |w 2026-02-23 
952 |a SNK  |b SNK  |y PREZ  |7 0  |p 17A0912793  |o snkSD 5146/8  |i snk452/45  |0 0  |1 0  |4 0  |d 2018-07-17  |f 1  |l 0  |r 2025-11-12 00:00:00  |w 2026-02-23